000 00923nam a2200301 a 4500
001 77349
003 BD-RjUL
005 20211209082948.0
008 200316s2003 xxua 001 0 eng d
020 _a078973009X (pbk.)
035 _a(BD-RjUL)
040 _aStDuBDS
_cStDuBDS
_dUk
_dCStRLIN
_dDLC
_dBD-RjUL
_beng
041 _aeng
042 _alccopycat
082 0 0 _a006.6
_222
_bJOS 2003
100 1 _aJohnson, Steve,
_d1961-
_9240984
245 1 0 _aShow me Microsoft Office PowerPoint 2003 /
_cSteve Johnson.
246 3 _aMicrosoft Office PowerPoint 2003
260 _aIndianapolis, Ind. :
_bQue ;
_aLondon :
_bPearson Education,
_c2003.
300 _axvi, 412 p. :
_bill. ;
_c24 cm.
500 _aIncludes index.
650 0 _aPresentation graphics software.
_9240985
710 2 _aPerspection, Inc.
_9240986
942 _2ddc
_cBK
999 _c77349
_d77349